LEADER 00702nam0 2200253 450 001 000002132 005 20080722173420.0 010 $a0-13-339060-8 100 $a20001117d1989----km-y0itay50------ba 101 0 $aeng 102 $aUS 200 1 $aFundamentals of flight$fRichard S. Shevell 205 $a2. edition 210 $aNew Jersey$cPrentice Hall$d1989 215 $aXXV, 438 p.$cill.$d24 cm. 610 1 $aAerodinamica 610 1 $aAeroplani 676 $a629.132 700 1$aShevell,$bRichard S.$0630078 801 0$aIT$bUNIPARTHENOPE$gRICA$2UNIMARC 912 $a000002132 951 $cPIST$aP1 629-F/1$b34060$d20001123 996 $aFundamentals of flight$91223984 997 $aUNIPARTHENOPE